Análisis de los niveles de compactación del suelo asociado a tres labores para cultivo de la caña de azúcar en el Ingenio Taboga
Spremljeno u:
| Glavni autor: | |
|---|---|
| Format: | Knjiga |
| Jezik: | Spanish |
| Izdano: |
[San José, Costa Rica]
2012
|
| Teme: | |
| Oznake: |
Dodaj oznaku
Bez oznaka, Budi prvi tko označuje ovaj zapis!
|
MARC
| LEADER | 00000nam a22000007a 4500 | ||
|---|---|---|---|
| 003 | 010832 | ||
| 005 | 20221231143925.0 | ||
| 008 | 151028b2012 cr a|||| |||| 00| 0 spa d | ||
| 040 | |c cru CEDI | ||
| 090 | |a TFG 6654 | ||
| 100 | |9 1842 |a Rojas Downing, Melissa | ||
| 245 | |a Análisis de los niveles de compactación del suelo asociado a tres labores para cultivo de la caña de azúcar en el Ingenio Taboga | ||
| 260 | |a [San José, Costa Rica] |c 2012 | ||
| 500 | |a Proyecto de graduación (licenciatura en ingeniería agrícola)--Universidad de Costa Rica. Facultad de Ingeniería. Escuela de Ingeniería Agrícola | ||
| 650 | |x MECANICA DE SUELOS - TECNICAS |x COMPACTACION |x INGENIO TABOGA (CAÑAS, GUANACASTE, COSTA RICA) |x HUMEDAD DE SUELOS |x CAÑA DE AZUCAR - CULTIVO |x COSECHAS - RENDIMIENTO |x INGENIERÍA AGRÍCOLA |9 1843 | ||
| 942 | |c TFG | ||
| 999 | |c 14296 |d 14296 | ||
